[Event "Guernsey op 37th"]
[Site "Guernsey"]
[Date "2011.10.20"]
[Round "5"]
[White "De Graaf, Arnoud"]
[Black "Rowe, Peter"]
[Result "1-0"]
[WhiteElo "1860"]
[BlackElo "1999"]
[PlyCount "57"]
[EventDate "2011.10.16"]
[EventType "swiss"]
[EventRounds "7"]
[EventCountry "GCI"]
[SourceTitle "EXT 2012"]
[Source "ChessBase"]
[SourceDate "2011.11.24"]
[SourceVersion "1"]
[SourceVersionDate "2011.11.24"]
[SourceQuality "1"]

1. Nf3 d5 2. c4 e6 3. d4 Nf6 4. g3 dxc4 5. Bg2 a6 6. 0-0 Be7 7. Ne5 0-0 8. Nc3 Nbd7 9. Nxc4 Rb8 10. e4 b6 11. Qe2 Bb7 12. Rd1 Qc8 13. Bf4 Ne8 14. Rac1 a5 15. Qc2 Ba6 16. Nd2 g5 17. Be3 e5 18. Nf3 exd4 19. Nxd4 c5 20. Nf5 Bf6 21. Nd5 Kh8 22. Nxf6 Ndxf6 23. Bxg5 Qe6 24. Qc3 h5 25. Bf4 Rc8 26. Bd6 Rg8 27. Be5 Ra8 28. Bxf6+ Nxf6 29. Rd6 1-0

[Event "Calvi Balagne op 06th"]
[Site "Calvi"]
[Date "2009.05.02"]
[Round "7"]
[White "De Graaf, Arnoud"]
[Black "Mondoloni, Jean Michel"]
[Result "0-1"]
[WhiteElo "1758"]
[BlackElo "1920"]
[PlyCount "32"]
[EventDate "2009.04.28"]
[EventType "swiss"]
[EventRounds "9"]
[EventCountry "FRA"]
[SourceTitle "CBM 130 Extra"]
[Source "ChessBase"]
[SourceDate "2009.07.02"]
[SourceVersion "2"]
[SourceVersionDate "2009.07.15"]
[SourceQuality "1"]

1. Nf3 Nf6 2. c4 e6 3. d4 b6 4. g3 Ba6 5. Qc2 c5 6. Bg2 Nc6 7. dxc5 Bxc5 8. a3 Rc8 9. Nbd2 Bb7 10. b4 Nd4 11. Qc3 Nxf3+ 12. Bxf3 Bxf3 13. Qxf3 Bd4 14. Rb1 d5 15. Qd3 dxc4 16. Nxc4 Qd5 0-1

[Event "Guernsey op 34th"]
[Site "Guernsey"]
[Date "2008.10.25"]
[Round "7"]
[White "Viviani, Primo"]
[Black "De Graaf, Arnoud"]
[Result "1-0"]
[WhiteElo "1939"]
[BlackElo "1785"]
[PlyCount "69"]
[EventDate "2008.10.19"]
[EventType "swiss"]
[EventRounds "7"]
[EventCountry "GCI"]
[SourceTitle "EXT 2009"]
[Source "ChessBase"]
[SourceDate "2008.11.26"]
[SourceVersion "1"]
[SourceVersionDate "2008.11.26"]
[SourceQuality "1"]

1. c4 Nf6 2. Nc3 g6 3. g3 Bg7 4. Bg2 0-0 5. Nf3 d6 6. d4 c6 7. 0-0 Nbd7 8. e4 e5 9. d5 cxd5 10. cxd5 Nc5 11. Re1 Bg4 12. h3 Bxf3 13. Qxf3 Qb6 14. b3 Rac8 15. h4 Qa6 16. Bf1 Qa5 17. Bb2 a6 18. Bh3 Rc7 19. Qe2 b5 20. f3 b4 21. Nd1 Qb6 22. Ne3 Ncxe4 23. fxe4 Nxe4 24. Kh2 f5 25. Nc4 Qa7 26. Bg2 Nf2 27. Rf1 Ng4+ 28. Kh3 Qc5 29. Rac1 Bh6 30. Rc2 e4 31. Bxe4 Re7 32. Ne5 Qb5 33. Bd3 Qe8 34. Nxg4 fxg4+ 35. Qxg4 1-0

[Event "Calvi Balagne op 05th"]
[Site "Calvi"]
[Date "2008.04.12"]
[Round "9"]
[White "De Graaf, Arnoud"]
[Black "Geronimi, Didier"]
[Result "1-0"]
[WhiteElo "1756"]
[BlackElo "1782"]
[PlyCount "73"]
[EventDate "2008.04.06"]
[EventType "swiss"]
[EventRounds "9"]
[EventCountry "FRA"]
[SourceTitle "CBM 123 Extra"]
[Source "ChessBase"]
[SourceDate "2008.05.06"]
[SourceVersion "1"]
[SourceVersionDate "2008.05.06"]
[SourceQuality "1"]

1. Nf3 d6 2. d4 Nf6 3. c4 g6 4. Nc3 Bg7 5. e4 Nbd7 6. Be2 0-0 7. 0-0 c6 8. Re1 e5 9. d5 a6 10. dxc6 bxc6 11. Qxd6 Bb7 12. Bf1 Re8 13. Be3 Bf8 14. Qd2 Bb4 15. Rad1 Nc5 16. Qxd8 Raxd8 17. Rxd8 Rxd8 18. Bxc5 Bxc5 19. Nxe5 Re8 20. Nd3 Bd4 21. Ne2 c5 22. Nxd4 cxd4 23. f3 Nd7 24. Rd1 Rd8 25. Nf4 Ne5 26. Nd5 Nc6 27. b4 f5 28. b5 axb5 29. cxb5 Ne5 30. Rxd4 Kf7 31. a4 fxe4 32. fxe4 Rc8 33. a5 Rc1 34. a6 Bxd5 35. exd5 h5 36. b6 Ng4 37. Rxg4 1-0

[Event "Leuven op 19th"]
[Site "Leuven"]
[Date "2007.??.??"]
[Round "4"]
[White "De Graaf, Arnoud"]
[Black "Weiler, Marc"]
[Result "0-1"]
[WhiteElo "1795"]
[BlackElo "2080"]
[PlyCount "70"]
[EventDate "2007.11.??"]
[EventType "swiss"]
[EventRounds "7"]
[EventCountry "BEL"]
[SourceTitle "EXT 2010"]
[Source "ChessBase"]
[SourceDate "2010.11.25"]
[SourceVersion "1"]
[SourceVersionDate "2010.11.25"]
[SourceQuality "1"]

1. Nf3 Nf6 2. c4 c5 3. g3 g6 4. Bg2 Bg7 5. 0-0 Nc6 6. d4 cxd4 7. Nxd4 Nxd4 8. Qxd4 0-0 9. Nc3 d6 10. e4 Be6 11. Qd3 Nd7 12. b3 a6 13. Bb2 Rb8 14. Qd2 b5 15. cxb5 axb5 16. Nd5 Bxb2 17. Qxb2 Bxd5 18. exd5 b4 19. Rae1 Ne5 20. Qe2 Qb6 21. Qe3 Qxe3 22. Rxe3 Rb7 23. h3 Re8 24. Rfe1 Kf8 25. f4 Nd7 26. g4 Nc5 27. f5 Ra8 28. g5 gxf5 29. Rf1 Rxa2 30. Rxf5 Rc7 31. h4 Nd7 32. h5 Ne5 33. Rg3 Rc3 34. Rxc3 bxc3 35. Be4 Re2 0-1